[Event "Bratislava Slovan op"]
[Site "Bratislava"]
[Date "2018.05.01"]
[Round "7"]
[White "Juhaniak, Lubomir"]
[Black "Paulicka, Ivan"]
[Result "1/2-1/2"]
[WhiteElo "1760"]
[BlackElo "1674"]
[PlyCount "59"]
[EventDate "2018.04.27"]
[EventType "swiss"]
[EventRounds "9"]
[EventCountry "SVK"]
[SourceTitle "EXT 2023"]
[Source "ChessBase"]
[SourceDate "2022.10.05"]
[SourceVersion "1"]
[SourceVersionDate "2022.10.05"]
[SourceQuality "1"]

1. d4 d5 2. c4 Nf6 3. Nc3 e6 4. Bg5 Nbd7 5. Nf3 c6 6. a3 Be7 7. e3 0-0 8. Bd3 dxc4 9. Bxc4 Re8 10. 0-0 h6 11. Bh4 b5 12. Bd3 Bb7 13. Rc1 a6 14. Qe2 c5 15. dxc5 Nxc5 16. Bc2 Nfe4 17. Nxe4 Nxe4 18. Bxe7 Qxe7 19. Rfd1 Bd5 20. Rd4 Nf6 21. Ne5 Rac8 22. Rdd1 Rc5 23. Nd3 Rc7 24. Bb1 Rec8 25. Rxc7 Rxc7 26. Rc1 Bc4 27. Qe1 Qd8 28. Ne5 Bd5 29. Qd2 Qd6 30. Rxc7 1/2-1/2

[Event "SVK-ch Seniors 65"]
[Site "Tatranske Matliare"]
[Date "2017.05.30"]
[Round "5"]
[White "Priam, Stefan"]
[Black "Paulicka, Ivan"]
[Result "1-0"]
[WhiteElo "1801"]
[BlackElo "1693"]
[PlyCount "99"]
[EventDate "2017.05.27"]
[EventType "swiss"]
[EventRounds "9"]
[EventCountry "SVK"]
[SourceTitle "EXT 2023"]
[Source "ChessBase"]
[SourceDate "2022.10.05"]
[SourceVersion "1"]
[SourceVersionDate "2022.10.05"]
[SourceQuality "1"]

1. d4 d5 2. c4 e5 3. dxe5 d4 4. Nf3 Nc6 5. a3 Bg4 6. Nbd2 a5 7. g3 Nh6 8. Bg2 d3 9. 0-0 dxe2 10. Qxe2 Bc5 11. Nb3 Nd4 12. Nbxd4 Bxd4 13. Bxh6 gxh6 14. Qe4 Bxf3 15. Bxf3 0-0 16. Rad1 c5 17. b4 axb4 18. axb4 Qc7 19. e6 fxe6 20. Qxe6+ Kh8 21. Bd5 Rf6 22. Qe4 Raf8 23. bxc5 Bxc5 24. Rd2 Qb6 25. Qg2 Rxf2 26. Rdxf2 Rxf2 27. Rxf2 Qb2 28. Qf3 b5 29. Kg2 Qxf2+ 30. Qxf2 Bxf2 31. Kxf2 bxc4 32. Bxc4 Kg7 33. Bd3 h5 34. Kf3 h6 35. Kf4 Kf6 36. h4 Kg7 37. Kf5 Kf7 38. Be2 Kg7 39. Bxh5 Kh7 40. Kf6 Kg8 41. Kg6 Kh8 42. Kxh6 Kg8 43. Kg6 Kh8 44. Kf7 Kh7 45. g4 Kh8 46. g5 Kh7 47. g6+ Kh6 48. g7 Kxh5 49. g8Q Kxh4 50. Kf6 1-0

[Event "Liptovsky Mikulas Relax op"]
[Site "Liptovsky Mikulas"]
[Date "2016.11.14"]
[Round "3"]
[White "Milovnik, Juraj"]
[Black "Paulicka, Ivan"]
[Result "1-0"]
[WhiteElo "2002"]
[BlackElo "1700"]
[PlyCount "71"]
[EventDate "2016.11.13"]
[EventType "swiss"]
[EventRounds "7"]
[EventCountry "SVK"]
[SourceTitle "CBM 175 Extra"]
[Source "ChessBase"]
[SourceDate "2016.12.12"]
[SourceVersion "1"]
[SourceVersionDate "2016.12.12"]
[SourceQuality "1"]

1. Nf3 d5 2. g3 Nf6 3. Bg2 c5 4. 0-0 Nc6 5. d4 cxd4 6. Nxd4 Nxd4 7. Qxd4 e6 8. c4 dxc4 9. Qxc4 Be7 10. Nc3 0-0 11. Rd1 Qa5 12. Be3 Qb4 13. Qxb4 Bxb4 14. Nb5 Bd7 15. Nxa7 Rab8 16. Rac1 Ba5 17. b4 Bxb4 18. Rb1 Ba4 19. Rd4 Bc5 20. Rxa4 Bxe3 21. fxe3 Rfd8 22. Rab4 Rd2 23. R4b2 Rbd8 24. Bxb7 Ng4 25. Rxd2 Rxd2 26. Bf3 h5 27. Bxg4 hxg4 28. Ra1 Rxe2 29. a4 Rxe3 30. a5 Rd3 31. a6 e5 32. Nc6 e4 33. a7 e3 34. a8Q+ Kh7 35. Ne7 Kh6 36. Qh8+ 1-0

[Event "Bratislava Slovan op"]
[Site "Bratislava"]
[Date "2016.04.30"]
[Round "1"]
[White "Lintner, Igor"]
[Black "Paulicka, Ivan"]
[Result "1-0"]
[WhiteElo "2074"]
[BlackElo "1729"]
[PlyCount "61"]
[EventDate "2016.04.30"]
[EventType "swiss"]
[EventRounds "9"]
[EventCountry "SVK"]
[SourceTitle "EXT 2017"]
[Source "ChessBase"]
[SourceDate "2016.10.25"]
[SourceVersion "1"]
[SourceVersionDate "2016.10.25"]
[SourceQuality "1"]

1. e4 e5 2. Nf3 Nc6 3. d4 exd4 4. Bc4 Bc5 5. c3 d6 6. cxd4 Bb6 7. h3 h6 8. 0-0 Qf6 9. Be3 Bd7 10. Nc3 Nge7 11. a3 Na5 12. Ba2 Nac6 13. Re1 0-0 14. e5 Qg6 15. Nh4 Qh7 16. exd6 cxd6 17. d5 Bxe3 18. dxc6 Bg5 19. cxd7 Bxh4 20. Bb1 f5 21. Qxd6 Nc6 22. Nd5 g6 23. g3 Bd8 24. Re8 Qg7 25. Ba2 Be7 26. Nxe7+ Kh7 27. Rxf8 Qxf8 28. Qxg6+ Kh8 29. Nxc6 bxc6 30. Re1 Rd8 31. Re8 1-0

[Event "SVK-ch op"]
[Site "Banska Stiavnica"]
[Date "2015.07.12"]
[Round "9"]
[White "Paulicka, Ivan"]
[Black "Sevcikova, Lucia"]
[Result "1-0"]
[WhiteElo "1707"]
[BlackElo "1286"]
[PlyCount "125"]
[EventDate "2015.07.04"]
[EventType "swiss"]
[EventRounds "9"]
[EventCountry "SVK"]
[SourceTitle "CBM 167 Extra"]
[Source "ChessBase"]
[SourceDate "2015.09.14"]
[SourceVersion "1"]
[SourceVersionDate "2015.09.14"]
[SourceQuality "1"]

1. e4 c6 2. Nc3 d5 3. Nf3 Bg4 4. exd5 cxd5 5. Ne2 Bxf3 6. gxf3 e6 7. d4 Nc6 8. c3 Bd6 9. Ng3 Nf6 10. Bd2 Qb6 11. Qc2 0-0-0 12. 0-0-0 Kb8 13. Kb1 Rc8 14. Qd3 Ba3 15. b3 Na5 16. Qb5 Qxb5 17. Bxb5 Bd6 18. c4 Nc6 19. Ne2 a6 20. Ba4 e5 21. c5 Bc7 22. Be3 b5 23. cxb6 Bxb6 24. Bxc6 exd4 25. Bf4+ Ka7 26. Ba4 d3 27. Rxd3 Bxf2 28. Be3+ Bxe3 29. Rxe3 Rc7 30. Nd4 Kb6 31. Rhe1 Rhc8 32. Re7 g6 33. Rxc7 Rxc7 34. Rc1 Rxc1+ 35. Kxc1 Kc5 36. Ne2 g5 37. h3 h5 38. Kd2 g4 39. hxg4 hxg4 40. fxg4 Nxg4 41. Be8 Ne5 42. Kc3 f6 43. b4+ Kd6 44. a4 Nc4 45. Kd4 Nb6 46. Nc3 Nc4 47. Nxd5 f5 48. Bg6 Nb2 49. a5 Na4 50. Bxf5 Kc6 51. Bd3 Kb7 52. Be4 Ka7 53. Nc3 Nb6 54. axb6+ Kxb6 55. Kc4 Ka7 56. Na4 Kb8 57. Kc5 Ka7 58. Bd3 a5 59. bxa5 Kb7 60. a6+ Ka7 61. Kb5 Ka8 62. Kb6 Kb8 63. a7+ 1-0

[Event "Piestany op"]
[Site "Piestany"]
[Date "2014.11.17"]
[Round "4"]
[White "Paulicka, Ivan"]
[Black "Banas, Jan"]
[Result "0-1"]
[WhiteElo "1721"]
[BlackElo "2276"]
[PlyCount "66"]
[EventDate "2014.11.15"]
[EventType "swiss"]
[EventRounds "8"]
[EventCountry "SVK"]
[SourceTitle "EXT 2023"]
[Source "ChessBase"]
[SourceDate "2022.10.05"]
[SourceVersion "1"]
[SourceVersionDate "2022.10.05"]
[SourceQuality "1"]

1. d4 Nf6 2. c4 g6 3. Nc3 d5 4. Bg5 Ne4 5. Nxe4 dxe4 6. Be3 Bg7 7. f3 0-0 8. fxe4 e5 9. Nf3 exd4 10. Bxd4 Nc6 11. Bxg7 Kxg7 12. Qxd8 Rxd8 13. a3 Re8 14. Nd2 Ne5 15. e3 Ng4 16. Ke2 Bd7 17. g3 Bc6 18. Bg2 Rad8 19. Bf3 Nf2 20. Rhf1 Nxe4 21. Nxe4 Bxe4 22. Bxe4 Rxe4 23. Rf4 Re7 24. Rc1 c5 25. h4 h5 26. g4 Rd4 27. Rcf1 hxg4 28. Rxf7+ Rxf7 29. Rxf7+ Kxf7 30. exd4 cxd4 31. b4 Ke6 32. a4 a5 33. bxa5 Kd6 0-1

[Event "Bratislava Slovan op"]
[Site "Bratislava"]
[Date "2014.04.30"]
[Round "6"]
[White "Paulicka, Ivan"]
[Black "Durica, Andrej"]
[Result "0-1"]
[WhiteElo "1763"]
[BlackElo "1888"]
[PlyCount "38"]
[EventDate "2014.04.26"]
[EventType "swiss"]
[EventRounds "9"]
[EventCountry "SVK"]
[SourceTitle "CBM 160 Extra"]
[Source "ChessBase"]
[SourceDate "2014.07.01"]
[SourceVersion "1"]
[SourceVersionDate "2014.07.01"]
[SourceQuality "1"]

1. e4 e5 2. Nf3 f5 3. Bc4 fxe4 4. Nxe5 d5 5. Qh5+ g6 6. Nxg6 hxg6 7. Bb5+ c6 8. Qxh8 Kf7 9. Qd4 cxb5 10. Nc3 Nf6 11. d3 Nc6 12. Qe3 d4 13. Qe2 dxc3 14. bxc3 exd3 15. cxd3 Bf5 16. d4 Qa5 17. 0-0 Qxc3 18. Bb2 Nxd4 19. Bxc3 Nxe2+ 0-1

[Event "Bratislava Slovan op"]
[Site "Bratislava"]
[Date "2014.04.28"]
[Round "4"]
[White "Paulicka, Ivan"]
[Black "Szollos, Ondrej"]
[Result "0-1"]
[WhiteElo "1763"]
[BlackElo "1997"]
[PlyCount "106"]
[EventDate "2014.04.26"]
[EventType "swiss"]
[EventRounds "9"]
[EventCountry "SVK"]
[SourceTitle "CBM 160 Extra"]
[Source "ChessBase"]
[SourceDate "2014.07.01"]
[SourceVersion "1"]
[SourceVersionDate "2014.07.01"]
[SourceQuality "1"]

1. e4 d6 2. d4 c6 3. f4 Qc7 4. Nf3 Bg4 5. h3 Bxf3 6. Qxf3 Nd7 7. Nc3 a6 8. Bd3 e5 9. fxe5 dxe5 10. d5 Ngf6 11. 0-0 Be7 12. Be3 Bc5 13. Rad1 0-0 14. Kh1 Bxe3 15. Qxe3 Rad8 16. dxc6 bxc6 17. Bxa6 Rb8 18. Rb1 Nh5 19. Ne2 Qd8 20. Ng3 Qb6 21. Rf3 Nxg3+ 22. Rxg3 Qxa6 23. Qh6 g6 24. Rg4 Rfe8 25. Rd1 Nf8 26. Qg5 Qe2 27. Rd2 Qe1+ 28. Kh2 Rxb2 29. h4 Rb4 30. h5 Rxe4 31. hxg6 hxg6 32. Rxe4 Qxe4 33. Rd3 Qf4+ 34. Qxf4 exf4 35. Rc3 Rc8 36. Kh3 c5 37. Kg4 Ne6 38. Kf3 Ra8 39. a3 Ra4 40. g3 fxg3 41. Kxg3 Kg7 42. Kf3 f5 43. Kg3 Kf6 44. Kf3 g5 45. Kg3 g4 46. Kh4 Ra8 47. Kg3 Kg5 48. Kf2 f4 49. Ke2 Rh8 50. a4 Rh2+ 51. Kf1 g3 52. Kg1 Rd2 53. a5 f3 0-1

[Event "Bratislava Slovan op"]
[Site "Bratislava"]
[Date "2014.04.26"]
[Round "1"]
[White "Zatko, Gregor"]
[Black "Paulicka, Ivan"]
[Result "1-0"]
[WhiteElo "2156"]
[BlackElo "1763"]
[PlyCount "95"]
[EventDate "2014.04.26"]
[EventType "swiss"]
[EventRounds "9"]
[EventCountry "SVK"]
[SourceTitle "CBM 160 Extra"]
[Source "ChessBase"]
[SourceDate "2014.07.01"]
[SourceVersion "1"]
[SourceVersionDate "2014.07.01"]
[SourceQuality "1"]

1. e4 e5 2. f4 exf4 3. Nf3 Nf6 4. e5 Nd5 5. c4 Ne7 6. d4 Ng6 7. h4 h5 8. Bd3 Bb4+ 9. Kf1 c5 10. d5 Qe7 11. a3 Ba5 12. e6 Bc7 13. exf7+ Qxf7 14. Ng5 Qf6 15. Nc3 Be5 16. Nce4 Qe7 17. d6 Bxd6 18. Be2 Be5 19. Bxh5 d6 20. Bxg6+ Kd7 21. Nxc5+ Kc7 22. Nce4 Nc6 23. Qd5 Bd7 24. Qf7 Raf8 25. Qxe7 Nxe7 26. Bf7 Nf5 27. Ke2 Nd4+ 28. Kf2 Bf5 29. Bd5 Bg4 30. Nf3 Nxf3 31. gxf3 Bf5 32. Ra2 Bd4+ 33. Ke2 Bd7 34. b4 b5 35. Kd3 Be5 36. Rc2 Kd8 37. c5 dxc5 38. bxc5 Kc7 39. Bb2 Bxb2 40. Rxb2 a6 41. Rg2 Rh7 42. Rg6 a5 43. Ra6 a4 44. Ra7+ Kd8 45. Nd6 g5 46. Kd4 Rxh4 47. Ra8+ Ke7 48. Re1+ 1-0

[Event "Piestany op"]
[Site "Piestany"]
[Date "2013.11.19"]
[Round "3"]
[White "Paulicka, Ivan"]
[Black "Benkovsky, Peter"]
[Result "0-1"]
[WhiteElo "1736"]
[BlackElo "1683"]
[PlyCount "48"]
[EventDate "2013.11.18"]
[EventType "swiss"]
[EventRounds "7"]
[EventCountry "SVK"]
[SourceTitle "CBM 157 Extra"]
[Source "ChessBase"]
[SourceDate "2013.12.19"]
[SourceVersion "1"]
[SourceVersionDate "2013.12.19"]
[SourceQuality "1"]

1. e4 e6 2. f4 d5 3. Nc3 Nf6 4. e5 Nfd7 5. d4 c5 6. Nf3 Nc6 7. b3 cxd4 8. Nxd4 Nxd4 9. Qxd4 Bc5 10. Qd3 0-0 11. Qh3 Bb4 12. Bd2 f5 13. exf6 Nxf6 14. Qf3 Bd7 15. 0-0-0 Qa5 16. Qd3 Rac8 17. Nb1 Bxd2+ 18. Qxd2 Qxa2 19. Nc3 Qa1+ 20. Nb1 Ne4 21. Qd4 Nc3 22. Bd3 Na2+ 23. Kd2 Qxd4 24. Ke1 Qe3+ 0-1

[Event "Piestany op"]
[Site "Piestany"]
[Date "2013.11.18"]
[Round "1"]
[White "Paulicka, Ivan"]
[Black "Hujo, Jozef"]
[Result "0-1"]
[WhiteElo "1736"]
[BlackElo "2027"]
[PlyCount "90"]
[EventDate "2013.11.18"]
[EventType "swiss"]
[EventRounds "7"]
[EventCountry "SVK"]
[SourceTitle "CBM 157 Extra"]
[Source "ChessBase"]
[SourceDate "2013.12.19"]
[SourceVersion "1"]
[SourceVersionDate "2013.12.19"]
[SourceQuality "1"]

1. e4 e6 2. d4 d5 3. Nd2 Nf6 4. e5 Nfd7 5. f4 c5 6. Ngf3 Nc6 7. c3 Qb6 8. Nb3 a5 9. Be3 a4 10. dxc5 Nxc5 11. Bxc5 Bxc5 12. Nxc5 Qxc5 13. Qd2 0-0 14. Rc1 f6 15. Nd4 fxe5 16. Nxc6 Qxc6 17. fxe5 Qc7 18. Qe3 Rf5 19. Be2 Qxe5 20. Qxe5 Rxe5 21. Kd2 Bd7 22. c4 dxc4 23. Bxc4 b5 24. Be2 Rd8 25. Ke1 Be8 26. h3 Bg6 27. Rf1 Bd3 28. Rf2 Rf8 29. Rxf8+ Kxf8 30. Kd2 Bxe2 31. Re1 Ke7 32. Rxe2 Rxe2+ 33. Kxe2 Kd6 34. Kd2 b4 35. a3 Kc5 36. b3 bxa3 37. Kc3 a2 38. b4+ Kb5 39. Kb2 Kxb4 40. Kxa2 e5 41. Kb2 a3+ 42. Ka2 e4 43. g4 e3 44. h4 e2 45. g5 e1Q 0-1

[Event "SVK-ch op"]
[Site "Banska Stiavnica"]
[Date "2013.07.12"]
[Round "7"]
[White "Paulicka, Ivan"]
[Black "Miklasova, Emma"]
[Result "0-1"]
[WhiteElo "1775"]
[BlackElo "1601"]
[PlyCount "132"]
[EventDate "2013.07.06"]
[EventType "swiss"]
[EventRounds "9"]
[EventCountry "SVK"]
[SourceTitle "CBM 155 Extra"]
[Source "ChessBase"]
[SourceDate "2013.08.26"]
[SourceVersion "1"]
[SourceVersionDate "2013.08.26"]
[SourceQuality "1"]

1. e4 e5 2. Nf3 Nc6 3. d4 exd4 4. Nxd4 Nf6 5. Bg5 Qe7 6. Nc3 Qe5 7. Bxf6 Qxf6 8. Nd5 Qxd4 9. Nxc7+ Kd8 10. Qxd4 Nxd4 11. 0-0-0 Kxc7 12. Rxd4 Be7 13. Bc4 Rf8 14. Bd5 f5 15. f3 Bg5+ 16. Kb1 d6 17. Rc4+ Kd8 18. Rd1 g6 19. e5 Be7 20. f4 Rb8 21. Bf3 Kd7 22. Rcd4 Rd8 23. exd6 Bf6 24. Rc4 Ke6 25. Bd5+ Kxd6 26. Bxb7+ Ke7 27. Rc7+ Rd7 28. Re1+ Kd8 29. Rxc8+ Rxc8 30. Bxc8 Kxc8 31. Kc1 Re7 32. Rh1 Re2 33. g3 Kb7 34. Kd1 Rg2 35. Re1 Rxh2 36. b3 Rg2 37. Re3 Bd4 38. Re7+ Kc6 39. Rxh7 Rxg3 40. Ke2 Kd5 41. Re7 Kd6 42. Re8 Kd7 43. Rb8 Rg2+ 44. Kd3 Bb6 45. a4 Rf2 46. Rg8 Rxf4 47. Rxg6 Rg4 48. Rf6 Rd4+ 49. Kc3 Rd5 50. Kc4 Rc5+ 51. Kd3 Ke7 52. Rh6 Re5 53. b4 f4 54. a5 Bc7 55. c4 f3 56. Rh7+ Ke6 57. Rh6+ Kf5 58. Rh8 Bd6 59. Rh5+ Kg4 60. Rxe5 Bxe5 61. Ke4 Bc7 62. Kd5 f2 63. Kc6 f1Q 64. Kxc7 Qxc4+ 65. Kb8 Qxb4+ 66. Ka8 Qxa5 0-1

[Event "SVK-ch op"]
[Site "Banska Stiavnica"]
[Date "2013.07.10"]
[Round "5"]
[White "Paulicka, Ivan"]
[Black "Koval, Maros"]
[Result "0-1"]
[WhiteElo "1775"]
[BlackElo "2084"]
[PlyCount "94"]
[EventDate "2013.07.06"]
[EventType "swiss"]
[EventRounds "9"]
[EventCountry "SVK"]
[SourceTitle "CBM 155 Extra"]
[Source "ChessBase"]
[SourceDate "2013.08.26"]
[SourceVersion "1"]
[SourceVersionDate "2013.08.26"]
[SourceQuality "1"]

1. d4 d5 2. c4 c6 3. Nc3 e5 4. cxd5 cxd5 5. dxe5 d4 6. Ne4 Qa5+ 7. Bd2 Qxe5 8. Ng3 Nc6 9. Nf3 Qd5 10. Qb3 Qxb3 11. axb3 Be6 12. b4 Bxb4 13. Bxb4 Nxb4 14. Nxd4 Rd8 15. 0-0-0 Nf6 16. f3 Rc8+ 17. Kd2 0-0 18. e3 Rfd8 19. Bd3 Nd7 20. Nxe6 fxe6 21. Ke2 Nc5 22. Bb1 Na4 23. Ne4 Nxb2 24. Rxd8+ Rxd8 25. Nc5 Nc4 26. f4 Rd2+ 27. Kf3 Rb2 28. Bd3 Nxd3 29. Nxd3 Rb3 30. Rd1 a5 31. Ke4 b5 32. Kd4 a4 33. e4 Nb2 34. Nxb2 Rxb2 35. Ke5 a3 36. Kxe6 h6 37. Ra1 b4 38. Kd5 a2 39. e5 b3 40. Kc4 Rb1 41. e6 Rxa1 42. Kxb3 Rg1 43. Kxa2 Rxg2+ 44. Kb3 Rxh2 45. Kc4 Re2 46. f5 Kf8 47. Kc3 Rf2 0-1

[Event "SVK-ch Seniors"]
[Site "Tatranske Matliare"]
[Date "2013.06.05"]
[Round "5"]
[White "Sturc, Jan"]
[Black "Paulicka, Ivan"]
[Result "1/2-1/2"]
[WhiteElo "2006"]
[BlackElo "1752"]
[PlyCount "95"]
[EventDate "2013.06.02"]
[EventType "swiss"]
[EventRounds "9"]
[EventCountry "SVK"]
[SourceTitle "EXT 2023"]
[Source "ChessBase"]
[SourceDate "2022.10.05"]
[SourceVersion "1"]
[SourceVersionDate "2022.10.05"]
[SourceQuality "1"]

1. e4 e5 2. Nf3 Nc6 3. Bb5 a6 4. Ba4 Nf6 5. 0-0 Nxe4 6. d4 b5 7. Bb3 d5 8. dxe5 Be6 9. c3 Nc5 10. Bc2 Nd7 11. Re1 Be7 12. Bf4 0-0 13. Qd3 g6 14. Nbd2 Nc5 15. Qe2 d4 16. cxd4 Nxd4 17. Nxd4 Qxd4 18. Bh6 Rfd8 19. Rab1 Bxa2 20. Nf3 Qb4 21. e6 Nxe6 22. Ne5 Nd4 23. Qe4 Bxb1 24. Bxb1 Ne6 25. Nc6 Qxe4 26. Nxe7+ Kh8 27. Bxe4 c6 28. Nxc6 Rd6 29. Ne5 Ra7 30. Rc1 Rc7 31. Re1 f5 32. Bf3 Kg8 33. g3 Nd4 34. Bf4 Re7 35. Kg2 Nxf3 36. Nxf3 Rxe1 37. Nxe1 Rd1 38. Kf1 Kf7 39. Ke2 Rd7 40. Nd3 Rd5 41. Bd2 Rd6 42. Bc3 Ke6 43. h4 Kd5 44. f3 Kc4 45. Ne5+ Kb3 46. Nd3 Kc4 47. Ne5+ Kb3 48. Nd3 1/2-1/2

[Event "Tatry op"]
[Site "Tatranske Zruby"]
[Date "2012.09.30"]
[Round "9"]
[White "Beno, Milan"]
[Black "Paulicka, Ivan"]
[Result "1-0"]
[WhiteElo "1740"]
[BlackElo "1825"]
[PlyCount "61"]
[EventDate "2012.09.23"]
[EventType "swiss"]
[EventRounds "9"]
[EventCountry "SVK"]
[SourceTitle "EXT 2023"]
[Source "ChessBase"]
[SourceDate "2022.10.05"]
[SourceVersion "1"]
[SourceVersionDate "2022.10.05"]
[SourceQuality "1"]

1. e4 e5 2. Nc3 Nc6 3. Nge2 Bc5 4. Na4 Bb4 5. a3 Ba5 6. Ng3 Nf6 7. c4 a6 8. c5 b5 9. Nc3 b4 10. Nd5 Nxd5 11. exd5 Nd4 12. Bd3 bxa3 13. bxa3 0-0 14. 0-0 Rb8 15. Qh5 g6 16. Qxe5 Nf5 17. Bxf5 d6 18. cxd6 cxd6 19. Qe3 Bb6 20. Qd3 Bxf5 21. Nxf5 gxf5 22. Qxf5 Bd4 23. Rb1 Rxb1 24. Qxb1 Qb8 25. Qe4 Qa7 26. d3 Bg7 27. Qg4 f5 28. Qg3 Qc5 29. Bb2 Rf7 30. Rc1 Qxd5 31. Rc8+ 1-0

[Event "Tatry op"]
[Site "Tatranske Zruby"]
[Date "2012.09.29"]
[Round "8"]
[White "Paulicka, Ivan"]
[Black "Marek, Matyas"]
[Result "0-1"]
[WhiteElo "1825"]
[BlackElo "1965"]
[PlyCount "73"]
[EventDate "2012.09.23"]
[EventType "swiss"]
[EventRounds "9"]
[EventCountry "SVK"]
[SourceTitle "CBM 150 Extra"]
[Source "ChessBase"]
[SourceDate "2012.10.19"]
[SourceVersion "1"]
[SourceVersionDate "2012.10.19"]
[SourceQuality "1"]

1. d4 Nf6 2. c4 g6 3. Nf3 Bg7 4. Nc3 0-0 5. Bg5 d6 6. Qd2 Nbd7 7. Bh6 c5 8. Bxg7 Kxg7 9. e3 e5 10. d5 h6 11. Be2 Nh7 12. h4 f5 13. 0-0-0 Nhf6 14. Ne1 a6 15. f3 b5 16. g4 b4 17. g5 hxg5 18. hxg5 Nh7 19. Na4 Nxg5 20. b3 Nf6 21. Ng2 Bd7 22. Nb2 Nh5 23. Qe1 f4 24. exf4 exf4 25. Nd3 Qf6 26. Kb1 Rae8 27. Rxh5 gxh5 28. Ngxf4 Qf7 29. Qh4 Kh6 30. Rh1 Nh3 31. Nxh3 Bxh3 32. Bd1 Bf5 33. Bc2 Qg6 34. Qf4+ Kh7 35. Qd2 Rf6 36. Rh2 Kg7 37. Re2 0-1

[Event "Tatry op"]
[Site "Tatranske Zruby"]
[Date "2012.09.25"]
[Round "3"]
[White "Zacik, Anton"]
[Black "Paulicka, Ivan"]
[Result "1-0"]
[WhiteElo "1944"]
[BlackElo "1825"]
[PlyCount "77"]
[EventDate "2012.09.23"]
[EventType "swiss"]
[EventRounds "9"]
[EventCountry "SVK"]
[SourceTitle "CBM 150 Extra"]
[Source "ChessBase"]
[SourceDate "2012.10.19"]
[SourceVersion "1"]
[SourceVersionDate "2012.10.19"]
[SourceQuality "1"]

1. e4 e5 2. Nf3 Nc6 3. d4 exd4 4. Bc4 d6 5. Nxd4 Nxd4 6. Qxd4 Qf6 7. Qd3 Ne7 8. Nc3 Nc6 9. Nd5 Qd8 10. f4 Be6 11. a3 Ne7 12. 0-0 c6 13. Ne3 Bxc4 14. Nxc4 d5 15. Ne5 dxe4 16. Qxe4 f5 17. Qe2 Qd4+ 18. Kh1 g6 19. Re1 Rd8 20. Nf3 Qe4 21. Qf2 Qd5 22. Bd2 Bg7 23. Qh4 Qd6 24. Rxe7+ Qxe7 25. Re1 Qxe1+ 26. Qxe1+ Kd7 27. Bc3 Rhe8 28. Be5 Kc8 29. h3 Bf8 30. Qa5 Bd6 31. Qxa7 Bxe5 32. Nxe5 Kc7 33. Qa5+ Kb8 34. Qb6 Rd6 35. c4 h5 36. h4 Ree6 37. c5 Rd4 38. Qb3 Re8 39. Nxc6+ 1-0